Economic Relations & the Impact of Subsidies on Innovations in ICT

Environmentálne podmienky pre inovatívnych podnikateľov a start-upy v oblasti informačných a telekomunikačných technológií, podmienky v Českej republike a predstavenie výskumu vplyvu dotácií na inovatívne firmy a výsledky inovácií.

Salvato in:
Dettagli Bibliografici
Autore principale: Langer, Tomáš
Natura: Capitolo di libro
Lingua:inglese
Soggetti:
Tags: Aggiungi Tag
Nessun Tag, puoi essere il primo ad aggiungerne!!

MARC

LEADER 00000naa a2200000 4500
001 0304818
005 20241025121621.5
041 0 |a eng 
044 |a CZ 
245 1 0 |a Economic Relations & the Impact of Subsidies on Innovations in ICT  |c Tomáš Langer 
520 |a Environmentálne podmienky pre inovatívnych podnikateľov a start-upy v oblasti informačných a telekomunikačných technológií, podmienky v Českej republike a predstavenie výskumu vplyvu dotácií na inovatívne firmy a výsledky inovácií. 
610 2 0 |a rast hospodársky 
610 2 0 |a inovácie technologické 
610 2 0 |a technológie informačné 
610 2 0 |a firmy 
610 2 0 |a start-up 
610 2 0 |a technológie komunikačné 
610 2 0 |a dotácie 
610 2 0 |a environmentalistika 
100 1 |a Langer, Tomáš